Nové orgány finančného dohľadu

Nové orgány finančného dohľadu zostavené Európskym výborom pre systémové riziká (ESRB). Tri európske orgány dohľadu: EBA (bankovníctvo), ESMA (cenné papiere a trhy), EIOPA (poisťovníctvo). Vzájomná spolupráca dohľadov.

Enregistré dans:
Détails bibliographiques
Auteur principal: Krátka, Zuzana, 1968-
Format: Chapitre de livre
Langue:slovaque
Sujets:
Tags: Ajouter un tag
Pas de tags, Soyez le premier à ajouter un tag!

MARC

LEADER 00000naa a2200000 4500
001 0127205
005 20221107085118.5
041 0 |a slo 
044 |a SK 
245 1 0 |a Nové orgány finančného dohľadu  |c Zuzana Krátka 
520 |a Nové orgány finančného dohľadu zostavené Európskym výborom pre systémové riziká (ESRB). Tri európske orgány dohľadu: EBA (bankovníctvo), ESMA (cenné papiere a trhy), EIOPA (poisťovníctvo). Vzájomná spolupráca dohľadov. 
610 2 0 |a poisťovníctvo 
610 2 0 |a bankovníctvo 
610 2 0 |a trh finančný 
610 2 0 |a riziko finančné 
610 2 0 |a dohľad bankový 
610 2 0 |a Európska únia 
610 2 0 |a spolupráca medzinárodná 
100 1 |a Krátka, Zuzana, 1968-